[Event "IECG QE.2003.0.00050"]
[Site "IECG email"]
[Date "2003.06.27"]
[Round "2"]
[White "Mena Raposo, Jose"]
[Black "Corallo, John"]
[Result "0-1"]
[WhiteElo "1200"]
[BlackElo "1250"]
[PlyCount "48"]
[EventDate "2003.06.27"]
[EventType "tourn (corr)"]
[EventRounds "6"]
[SourceTitle "Corr 2008"]
[Source "ChessBase"]
[SourceDate "2008.06.24"]
[SourceVersion "1"]
[SourceVersionDate "2008.06.24"]
[SourceQuality "1"]

1. e4 e5 2. Bc4 Nf6 3. d4 Nc6 4. d5 Nd4 5. Be3 Nxe4 6. Bxd4 exd4 7. Qxd4 Qe7 8. f3 Ng3+ 9. Ne2 Nxh1 10. Nbc3 c5 11. Qe4 Qxe4 12. fxe4 Bd6 13. g3 h5 14. Kf1 h4 15. Kg2 hxg3 16. hxg3 Nxg3 17. Nxg3 Bxg3 18. Kxg3 d6 19. Rg1 Bd7 20. a4 0-0-0 21. b3 Rh3+ 22. Kf4 Rxc3 23. Rxg7 Rxc2 24. Rxf7 Rf2+ 0-1